000 01322nam a2200349Ia 4500
001 ebr10221933
003 CaPaEBR
006 m u
007 cr cn|||||||||
008 061214s2007 maua sb 001 0 eng d
010 _z 2006052654
020 _z9781596931626
020 _z9781596931633
020 _z1596931620 (alk. paper)
040 _aCaPaEBR
_cCaPaEBR
035 _a(OCoLC)228297994
050 1 4 _aTK7872.O7
_bG63 2007eb
082 0 4 _a621.3815/33
_222
100 1 _aGonzalez, Guillermo,
_d1944-
245 1 0 _aFoundations of oscillator circuit design
_h[electronic resource] /
_cGuillermo Gonzalez.
260 _aBoston :
_bArtech House,
_cc2007.
300 _axi, 422 p. :
_bill.
490 1 _aArtech House microwave library
504 _aIncludes bibliographical references (p. 413) and index.
533 _aElectronic reproduction.
_bPalo Alto, Calif. :
_cebrary,
_d2009.
_nAvailable via World Wide Web.
_nAccess may be limited to ebrary affiliated libraries.
650 0 _aOscillators, Electric.
650 0 _aElectronic circuits.
655 7 _aElectronic books.
_2local
710 2 _aebrary, Inc.
830 0 _aArtech House microwave library.
856 4 0 _uhttp://site.ebrary.com/lib/rucke/Doc?id=10221933
_zAn electronic book accessible through the World Wide Web; click to view
999 _c132056
_d132056